Nieprawidłowy tytuł filmu #1 - Statystyki

Ogólne statystyki
  • Ten quiz został rozwiązany 43 razy
    36 od ostatniego zresetowania
  • Średni wynik to 9 z 12
Statystyki odpowiedzi
Nieprawidłowy
tytuł
Prawidłowy
tytuł
% Poprawnych
Harry Peter Harry Potter
100%
Spider-Boy Spider-Man
97%
Akademia Pana Klocka Akademia Pana Kleksa
91%
Kevin Sam u Sąsiada Kevin Sam w Domu
91%
Kot w Kapeluszu Kot w Butach
91%
Legion Koniobijców Legion Samobójców
91%
Breaking Had Breaking Bad
81%
Josh Wick John Wick
78%
Gwiazdne Walki Gwiazdne Wojny
63%
Top Meverick Top Gun
63%
I w Głowie Się Mieśći I w Głowie Się nieMieśći
56%
Krazy MAX Mad Max
41%
Nie znaleziono quizów pasujących do podanych kryteriów
Rozkład punktacji
Procent ludzi z każdym wynikiem
Percentyl według liczby udzielonych odpowiedzi
Twoja historia wyników
Nie rozwiązałeś tego quizu od ostatniego zresetowania